Формирования профессиональной компетенции иностранных студентов института международного образования и языковой коммуникации томского политехнического университета ( на примере дисциплины безопасность жизнедеятельности); Международное сотрудничество в образовании и науке.; Т. 6 : Формирование базовых и профессиональных компетенций иностранных студентов

Xehetasun bibliografikoak
Parent link:Международное сотрудничество в образовании и науке.: труды IX Международной конференции "Международное сотрудничество в образовании и науке: Актуальные вопросы обучения иностранных студентовв российских вузах. 50 лет подготовительному факультету". Санкт-Петербург, 20 – 23 мая 2015 г./ Институт международных образовательных программ Санкт-Петербургского политехнического университета Петра Великого.— , 2015
Т. 6 : Формирование базовых и профессиональных компетенций иностранных студентов.— 2015.— [С. 119-128]
Egile nagusia: Крепша Н. В. Нина Владимировна
Erakunde egilea: Национальный исследовательский Томский политехнический университет (ТПУ) Институт неразрушающего контроля (ИНК) Кафедра экологии и безопасности жизнедеятельности (ЭБЖ)
Gaia:Заглавие с экрана
Изложен опыт формирования профессиональной компетенции в виде применения активных методов обучения на практических занятиях по дисциплине безопасность жизнедеятельности. Это - эвристическая беседа, метод ситуационно-ролевой игры и творческая проблемно- ориентированная самостоятельная работа. Активные подходы в обучении повышают языковой уровень и способствует, как показывает опыт, 120 формированию профессиональной компетенции у иностранных студентов по дисциплине БЖД.
Hizkuntza:errusiera
Argitaratua: 2015
Gaiak:
Sarrera elektronikoa:http://imop-spbspu.ru/userfiles/file/%D0%9A%D0%BE%D0%BD%D1%84%202015%20%D1%82%206(2).pdf#page=119
Formatua: MixedMaterials Baliabide elektronikoa Liburu kapitulua
KOHA link:https://koha.lib.tpu.ru/cgi-bin/koha/opac-detail.pl?biblionumber=643026

MARC

LEADER 00000naa0a2200000 4500
001 643026
005 20250604145130.0
035 |a (RuTPU)RU\TPU\network\8014 
035 |a RU\TPU\network\7981 
090 |a 643026 
100 |a 20150827d2015 k y0rusy50 ca 
101 0 |a rus 
102 |a RU 
135 |a drcn ---uucaa 
181 0 |a i  
182 0 |a b 
200 1 |a Формирования профессиональной компетенции иностранных студентов института международного образования и языковой коммуникации томского политехнического университета ( на примере дисциплины безопасность жизнедеятельности)  |f Н. В. Крепша 
203 |a Текст  |c электронный 
300 |a Заглавие с экрана 
320 |a [Библиогр.: с. 127-128 (4 назв.)] 
330 |a Изложен опыт формирования профессиональной компетенции в виде применения активных методов обучения на практических занятиях по дисциплине безопасность жизнедеятельности. Это - эвристическая беседа, метод ситуационно-ролевой игры и творческая проблемно- ориентированная самостоятельная работа. Активные подходы в обучении повышают языковой уровень и способствует, как показывает опыт, 120 формированию профессиональной компетенции у иностранных студентов по дисциплине БЖД. 
461 |t Международное сотрудничество в образовании и науке.  |o труды IX Международной конференции "Международное сотрудничество в образовании и науке: Актуальные вопросы обучения иностранных студентовв российских вузах. 50 лет подготовительному факультету". Санкт-Петербург, 20 – 23 мая 2015 г.  |o [в рамках международного форума "Международная политехническая неделя", 20-23 мая 2015 г.]  |f Институт международных образовательных программ Санкт-Петербургского политехнического университета Петра Великого  |d 2015 
463 |t Т. 6 : Формирование базовых и профессиональных компетенций иностранных студентов  |v [С. 119-128]  |d 2015 
610 1 |a электронный ресурс 
610 1 |a труды учёных ТПУ 
610 1 |a профессиональная компетентность 
610 1 |a эвристические аспекты 
610 1 |a иностранные студенты 
610 1 |a языковые коммуникации 
610 1 |a ТПУ 
700 1 |a Крепша  |b Н. В.  |c специалист в области экологии и безопасности жизнедеятельности  |c доцент Томского политехнического университета, кандидат геолого-минералогических наук  |f 1947-  |g Нина Владимировна  |3 (RuTPU)RU\TPU\pers\26194 
712 0 2 |a Национальный исследовательский Томский политехнический университет (ТПУ)  |b Институт неразрушающего контроля (ИНК)  |b Кафедра экологии и безопасности жизнедеятельности (ЭБЖ)  |3 (RuTPU)RU\TPU\col\18720 
801 2 |a RU  |b 63413507  |c 20150827  |g RCR 
850 |a 63413507 
856 4 |u http://imop-spbspu.ru/userfiles/file/%D0%9A%D0%BE%D0%BD%D1%84%202015%20%D1%82%206(2).pdf#page=119 
942 |c CF